[Event "2. Bundesliga Mitte 2012/2013"]
[Site "St. Veit/Glan"]
[Date "2013.03.23"]
[Round "7"]
[Board "4"]
[White "Hiermann, Dietmar"]
[Black "Matosec, Thomas"]
[Result "1/2-1/2"]
[WhiteElo "2311"]
[BlackElo "2087"]
[PlyCount "136"]
[EventDate "2012.10.19"]
[EventType "team"]
[EventRounds "11"]
[EventCountry "AUT"]
[WhiteTeam "Spg. Sauwald"]
[BlackTeam "Union Styria Graz"]

1. e4 e6 2. d4 d5 3. Nc3 Nf6 4. e5 Nfd7 5. f4 c5 6. Nf3 Nc6 7. Be3 Be7 8. Qd2
a6 9. dxc5 Nxc5 10. Nd4 Qc7 11. Bd3 b5 12. O-O b4 13. Nce2 Nxd4 14. Nxd4 O-O
15. Nf3 Ne4 16. Qe2 Bb7 17. Bd4 a5 18. Rac1 Rac8 19. Qe3 Qd7 20. Rfd1 Nc5 21.
Qe2 Nxd3 22. cxd3 Ba6 23. Qd2 h6 24. Ne1 Qb5 25. b3 Kh7 26. Rxc8 Rxc8 27. Rc1
Bc5 28. Bxc5 Rxc5 29. Kf2 Qc6 30. Rxc5 Qxc5+ 31. Ke2 d4 32. Qc2 Qc3 33. Qxc3
dxc3 34. Nc2 Bb7 35. a3 a4 36. Nxb4 axb3 37. Kd1 Bxg2 38. a4 Kg6 39. a5 Kf5 40.
Na6 Kxf4 41. Nc5 b2 42. Kc2 Bd5 43. Ne4 Kxe5 44. Nxc3 f5 45. a6 Bc6 46. Kxb2
Kd4 47. Kc2 Ke3 48. a7 f4 49. Kd1 Kxd3 50. Na2 Ba8 51. Ke1 g5 52. Kf2 g4 53.
Nb4+ Kd4 54. Na6 e5 55. Nc7 Bb7 56. a8=Q Bxa8 57. Nxa8 e4 58. Nc7 e3+ 59. Ke1
g3 60. hxg3 fxg3 61. Kf1 Kd3 62. Ne6 Kd2 63. Nf4 h5 64. Kg2 h4 65. Kf3 Ke1 66.
Ng2+ Kf1 67. Nxh4 e2 68. Ng2 Kg1 1/2-1/2

[Event "2. Bundesliga Mitte 2012/2013"]
[Site "St. Veit/Glan"]
[Date "2013.03.23"]
[Round "7"]
[Board "5"]
[White "Stagl, Marco"]
[Black "Testor, Sebastian"]
[Result "1/2-1/2"]
[WhiteElo "2079"]
[BlackElo "2308"]
[PlyCount "73"]
[EventDate "2012.10.19"]
[EventType "team"]
[EventRounds "11"]
[EventCountry "AUT"]
[WhiteTeam "Union Styria Graz"]
[BlackTeam "Spg. Sauwald"]

1. d4 e6 2. c4 Bb4+ 3. Bd2 a5 4. e4 d6 5. Nc3 e5 6. a3 Bxc3 7. Bxc3 exd4 8.
Qxd4 Nf6 9. c5 Nc6 10. Bb5 O-O 11. Bxc6 bxc6 12. cxd6 cxd6 13. O-O-O Qe7 14. f3
Rd8 15. Ne2 d5 16. Qe5 Qxe5 17. Bxe5 Ne8 18. Rd2 Ba6 19. Rhd1 f6 20. Bg3 Bc4
21. Nd4 dxe4 22. fxe4 c5 23. Nc6 Rxd2 24. Rxd2 Be6 25. Rd8 Rxd8 26. Nxd8 Bc4
27. Nb7 Bf1 28. Nxc5 Bxg2 29. Be1 Nd6 30. Bxa5 Nxe4 31. Nxe4 Bxe4 32. Kd2 Kf7
33. Ke3 f5 34. Kd4 Ke6 35. Kc5 Kd7 36. Kb6 Kc8 37. Bd2 1/2-1/2

[Event "2. Bundesliga Mitte 2012/2013"]
[Site "St. Veit/Glan"]
[Date "2013.03.23"]
[Round "7"]
[Board "6"]
[White "Niederwieser, Peter"]
[Black "Kozomara, David"]
[Result "1-0"]
[WhiteElo "2192"]
[BlackElo "1922"]
[PlyCount "155"]
[EventDate "2012.10.19"]
[EventType "team"]
[EventRounds "11"]
[EventCountry "AUT"]
[WhiteTeam "Spg. Sauwald"]
[BlackTeam "Union Styria Graz"]

1. d4 Nf6 2. c4 c5 3. d5 b5 4. Qc2 g6 5. e4 d6 6. cxb5 Bg7 7. Nc3 O-O 8. Nf3 a6
9. a4 Ng4 10. h3 Ne5 11. Nxe5 Bxe5 12. Bh6 Re8 13. Be2 axb5 14. Bxb5 Bd7 15.
O-O Na6 16. f4 Bd4+ 17. Kh1 Nc7 18. Bxd7 Qxd7 19. f5 Reb8 20. Rf3 Rb4 21. Raf1
f6 22. Rg3 Be5 23. Rg4 Kf7 24. fxg6+ hxg6 25. Bf4 Rh8 26. Qe2 Rxb2 27. Qxb2
Qxg4 28. Bxe5 dxe5 29. Rf3 Qc8 30. Qb6 Na8 31. Qb5 g5 32. Kg1 g4 33. hxg4 Qxg4
34. Qxc5 Qh4 35. Qe3 Qh1+ 36. Kf2 Rg8 37. Rg3 Qh4 38. Ne2 Rg4 39. Kf3 Rxg3+ 40.
Nxg3 Nb6 41. Nf5 Qh5+ 42. Kf2 Nc8 43. a5 Qd1 44. Qc3 Nd6 45. Nxd6+ exd6 46. a6
Qa4 47. Qd3 Kg6 48. Kg3 Kg7 49. Kh2 Kg6 50. Kh3 Qd7+ 51. Kh4 Qh7+ 52. Kg3 Qa7
53. Qa3 Kf7 54. Kf3 Ke7 55. Qa4 Kf7 56. Qa3 Ke7 57. Kg3 Kf7 58. Kh2 Ke7 59. Kh1
Kd7 60. Qh3+ Kc7 61. Qh7+ Kb6 62. Qxa7+ Kxa7 63. Kh2 Kxa6 64. Kg3 Kb6 65. Kg4
Kc5 66. Kf5 Kd4 67. g4 Ke3 68. Kxf6 Kxe4 69. g5 Kxd5 70. g6 e4 71. g7 Kd4 72.
g8=Q e3 73. Qg4+ Kd3 74. Qd1+ Ke4 75. Ke6 d5 76. Qxd5+ Kf4 77. Qf5+ Kg3 78. Qf1
1-0

[Event "2. Bundesliga Mitte 2012/2013"]
[Site "St. Veit/Glan"]
[Date "2013.03.23"]
[Round "7"]
[Board "1"]
[White "Mohr, Georg"]
[Black "Haba, Petr"]
[Result "0-1"]
[WhiteElo "2483"]
[BlackElo "2463"]
[PlyCount "80"]
[EventDate "2012.10.19"]
[EventType "team"]
[EventRounds "11"]
[EventCountry "AUT"]
[WhiteTeam "StrassenbahnGraz"]
[BlackTeam "Spg. Grieskirchen/B.Schallerbach"]

1. Nf3 d5 2. d4 Nf6 3. c4 c6 4. Nc3 dxc4 5. a4 Bf5 6. Ne5 e6 7. f3 c5 8. e4 Bg6
9. Be3 cxd4 10. Qxd4 Qxd4 11. Bxd4 Nfd7 12. Nxd7 Nxd7 13. Bxc4 Rc8 14. Ba2 a5
15. Ke2 Rg8 16. Rhd1 Bc5 17. Rd2 Bxd4 18. Rxd4 Ke7 19. Rad1 Nc5 20. Ke3 Rgd8
21. Rxd8 Rxd8 22. Rxd8 Kxd8 23. Kd4 b6 24. Bc4 f6 25. f4 Be8 26. b3 Ke7 27. Nb1
Nxe4 28. g4 Bc6 29. h4 h6 30. Bd3 Nc5 31. Nd2 Nxd3 32. Kxd3 Bd5 33. Kd4 Kd6 34.
g5 e5+ 35. fxe5+ fxe5+ 36. Kc3 hxg5 37. hxg5 Ke6 38. Nf1 Kf5 39. b4 Kxg5 40.
Ne3 Be6 0-1

[Event "2. Bundesliga Mitte 2012/2013"]
[Site "St. Veit/Glan"]
[Date "2013.03.23"]
[Round "7"]
[Board "2"]
[White "Kilgus, Georg"]
[Black "Supancic, Darko"]
[Result "1/2-1/2"]
[WhiteElo "2400"]
[BlackElo "2370"]
[PlyCount "59"]
[EventDate "2012.10.19"]
[EventType "team"]
[EventRounds "11"]
[EventCountry "AUT"]
[WhiteTeam "Spg. Grieskirchen/B.Schallerbach"]
[BlackTeam "StrassenbahnGraz"]

1. Nf3 d6 2. d4 Bg4 3. c4 c6 4. Nc3 Nd7 5. g3 e5 6. Bg2 Ngf6 7. h3 Bh5 8. O-O
Be7 9. Nh4 Bg6 10. e4 O-O 11. Be3 a6 12. d5 cxd5 13. Nxg6 hxg6 14. Nxd5 Nxd5
15. Qxd5 Qc7 16. Rac1 a5 17. b3 b6 18. h4 Rab8 19. Bf3 Nc5 20. Rfd1 Qb7 21. Bg5
Bxg5 22. Qxb7 Rxb7 23. hxg5 Rd8 24. Bg4 Kf8 25. Kg2 Ke7 26. f4 Rbb8 27. Kf3 f6
28. gxf6+ gxf6 29. Rh1 Rh8 30. Ke3 1/2-1/2

[Event "2. Bundesliga Mitte 2012/2013"]
[Site "St. Veit/Glan"]
[Date "2013.03.23"]
[Round "7"]
[Board "3"]
[White "Krebs, Johann"]
[Black "Schwabeneder, Florian"]
[Result "0-1"]
[WhiteElo "2243"]
[BlackElo "2291"]
[PlyCount "108"]
[EventDate "2012.10.19"]
[EventType "team"]
[EventRounds "11"]
[EventCountry "AUT"]
[WhiteTeam "StrassenbahnGraz"]
[BlackTeam "Spg. Grieskirchen/B.Schallerbach"]

1. d4 Nf6 2. c4 c5 3. d5 e5 4. Nc3 d6 5. e4 Be7 6. Be2 Nbd7 7. Nf3 O-O 8. O-O
Ne8 9. Ne1 g6 10. Nd3 Ng7 11. f4 a6 12. a4 exf4 13. Bxf4 Qc7 14. Qe1 Ne5 15.
Nxe5 dxe5 16. Bh6 f6 17. a5 Bd7 18. Na4 Bxa4 19. Rxa4 Qd7 20. Ra3 f5 21. Qg3
Bd6 22. Qh3 Rf7 23. exf5 Rxf5 24. Bg4 Rxf1+ 25. Kxf1 Rf8+ 26. Rf3 Rxf3+ 27.
Qxf3 Nf5 28. Bxf5 Qxf5 29. Qxf5 gxf5 30. Ke2 Kf7 31. h3 f4 32. h4 Kg6 33. Bg5
Kf5 34. Bd8 e4 35. Bb6 Ke5 36. b3 Kd4 37. Kd2 f3 38. gxf3 exf3 39. Bd8 Bf4+ 40.
Ke1 Bg3+ 41. Kf1 Bd6 42. Bf6+ Kd3 43. Kf2 Kc2 44. Kxf3 Kxb3 45. Ke4 Kxc4 46.
Be5 Be7 47. Bc7 Bxh4 48. d6 Kb3 49. d7 c4 50. d8=Q Bxd8 51. Bxd8 c3 52. Bg5 c2
53. Kd5 h5 54. Ke5 Kb2 0-1

[Event "2. Bundesliga Mitte 2012/2013"]
[Site "St. Veit/Glan"]
[Date "2013.03.23"]
[Round "7"]
[Board "4"]
[White "Humer, Wolfgang"]
[Black "Pesorda, Ivan"]
[Result "0-1"]
[WhiteElo "2268"]
[BlackElo "2274"]
[PlyCount "104"]
[EventDate "2012.10.19"]
[EventType "team"]
[EventRounds "11"]
[EventCountry "AUT"]
[WhiteTeam "Spg. Grieskirchen/B.Schallerbach"]
[BlackTeam "StrassenbahnGraz"]

1. e4 c5 2. Ne2 Nc6 3. d4 cxd4 4. Nxd4 Nf6 5. Nc3 e6 6. Be3 Bb4 7. Bd3 d5 8.
exd5 {[%emt 0:00:00]} Nxd5 9. Qd2 Nxe3 10. fxe3 Nxd4 11. exd4 O-O 12. a3 Ba5
13. O-O-O Bd7 14. Be4 Qc7 15. Rhe1 Bxc3 16. Qxc3 Qxc3 17. bxc3 Rab8 18. c4 Rfc8
19. Bd3 b6 20. Kd2 Rc7 21. Rb1 Rd8 22. c3 Rdc8 23. Rb4 Bc6 24. g3 Bb7 25. Reb1
Ba6 26. Ra4 Bxc4 27. Bxc4 Rxc4 28. Rxa7 Rxc3 29. Rxb6 Rc2+ 30. Ke3 g5 31. Rb3
Rxh2 32. a4 Kg7 33. a5 h5 34. Ke4 Re2+ 35. Kf3 Rec2 36. Rd7 R8c3+ 37. Rxc3
Rxc3+ 38. Kg2 Rc2+ 39. Kf3 Rc3+ 40. Kg2 Ra3 41. d5 exd5 42. Rxd5 f6 43. Rb5 Kg6
44. Kf2 Ra4 45. Kg2 h4 46. gxh4 Rxh4 47. Rb8 Ra4 48. Ra8 Kf5 49. a6 Kf4 50. a7
Ra2+ 51. Kg1 f5 52. Kf1 g4 0-1

[Event "2. Bundesliga Mitte 2012/2013"]
[Site "St. Veit/Glan"]
[Date "2013.03.23"]
[Round "7"]
[Board "5"]
[White "Steiner, Stefan"]
[Black "Obermayr, Hermann"]
[Result "1-0"]
[WhiteElo "2249"]
[BlackElo "2160"]
[PlyCount "73"]
[EventDate "2012.10.19"]
[EventType "team"]
[EventRounds "11"]
[EventCountry "AUT"]
[WhiteTeam "StrassenbahnGraz"]
[BlackTeam "Spg. Grieskirchen/B.Schallerbach"]

1. Nf3 g6 2. d4 Bg7 3. g3 d6 4. Bg2 Nf6 5. c4 O-O 6. Nc3 Nbd7 7. h3 e5 8. dxe5
dxe5 9. Be3 a6 10. Qb3 Qe7 11. Rd1 c6 12. Nd2 Ne8 13. Nde4 Kh8 14. Na4 Rg8 15.
c5 Nf8 16. Nd6 Be6 17. Qxb7 Qxb7 18. Nxb7 Rc8 19. b3 Nf6 20. Nb6 Rc7 21. Nd8
Nd5 22. Nxd5 Bxd5 23. Bxd5 cxd5 24. Rxd5 Bf6 25. O-O Kg7 26. Rfd1 g5 27. c6 Ng6
28. Nb7 Rxc6 29. Rd7 Rc2 30. R1d2 Rc6 31. Nd6 Ne7 32. Ne4 h6 33. R2d6 Rgc8 34.
Nxf6 Nf5 35. Rxc6 Rxc6 36. Ne4 Nxe3 37. fxe3 1-0

[Event "2. Bundesliga Mitte 2012/2013"]
[Site "St. Veit/Glan"]
[Date "2013.03.24"]
[Round "8"]
[Board "1"]
[White "Flumbort, Andras"]
[Black "Kozul, Zdenko"]
[Result "0-1"]
[WhiteElo "2492"]
[BlackElo "2621"]
[PlyCount "174"]
[EventDate "2012.10.19"]
[EventType "team"]
[EventRounds "11"]
[EventCountry "AUT"]
[WhiteTeam "ASK St. Valentin"]
[BlackTeam "Schachverein Wolfsberg"]

1. d4 Nf6 2. c4 g6 3. Nf3 Bg7 4. Nc3 O-O 5. g3 c6 6. Bg2 d5 7. Qb3 Qb6 8. O-O
Rd8 9. c5 Qxb3 10. axb3 Na6 11. Bf4 Ne8 12. Ra4 f6 13. b4 Nac7 14. h3 g5 15.
Bd2 h6 16. Re1 Bf5 17. h4 g4 18. Nh2 h5 19. e3 a6 20. Raa1 Bd3 21. Red1 f5 22.
Be1 Bc2 23. Rdc1 Be4 24. Ne2 Bxg2 25. Kxg2 Nf6 26. Nf1 Kf7 27. Nf4 Rh8 28. Nd3
Nd7 29. Bc3 Ne8 30. Nd2 Nef6 31. Nb3 Rac8 32. Ra3 Ne4 33. Rd1 Nf8 34. Nbc1 Ne6
35. Ne2 Nc7 36. Raa1 Rce8 37. Rac1 Ne6 38. Ra1 Rc8 39. Ra3 Nf8 40. Nef4 Nd7 41.
Ne2 e6 42. Raa1 Rce8 43. Ra3 Re7 44. Raa1 Kg6 45. Ra3 Kh6 46. Rb3 Rc8 47. Ra3
Nef6 48. Raa1 Ne8 49. Bd2 Kh7 50. Nef4 Nef6 51. Bc3 Kh6 52. Ne5 Nf8 53. Ra2 Ne4
54. Ra3 Rd8 55. Raa1 Rde8 56. Ra3 Nd7 57. Nfd3 Rd8 58. Ra4 Nef6 59. Bd2 Kh7 60.
Nxd7 Nxd7 61. Bc3 e5 62. dxe5 Bxe5 63. Rd2 Bb8 64. Nc1 Ne5 65. Ne2 Rde8 66. Nd4
Kg6 67. b3 Nd7 68. Rd3 Re4 69. Ra2 Be5 70. Rad2 Bf6 71. Rc2 Ne5 72. Rd1 Nf3 73.
Nxf3 gxf3+ 74. Kxf3 Bxc3 75. Rxc3 Rxb4 76. Rdd3 Ree4 77. Rd1 Kf6 78. Rd2 Rb5
79. Rd1 Ke5 80. Kg2 Reb4 81. Rdd3 Ra5 82. Kf3 Ra2 83. Rd1 Rb2 84. Rdd3 Rb5 85.
Kg2 Ra5 86. Rd4 Raa2 87. Rf4 a5 0-1

[Event "2. Bundesliga Mitte 2012/2013"]
[Site "St. Veit/Glan"]
[Date "2013.03.24"]
[Round "8"]
[Board "2"]
[White "Stevic, Hrvoje"]
[Black "Gonda, Laszlo"]
[Result "0-1"]
[WhiteElo "2616"]
[BlackElo "2528"]
[PlyCount "72"]
[EventDate "2012.10.19"]
[EventType "team"]
[EventRounds "11"]
[EventCountry "AUT"]
[WhiteTeam "Schachverein Wolfsberg"]
[BlackTeam "ASK St. Valentin"]

1. e4 e5 2. Nf3 Nc6 3. d4 exd4 4. Nxd4 Bc5 5. Nxc6 bxc6 6. Bd3 d6 7. O-O Ne7 8.
Nc3 O-O 9. Na4 Bd4 10. Bg5 h6 11. Bh4 g5 12. Bg3 Ng6 13. e5 Bxe5 14. Bxg6 Bxg3
15. Bxf7+ Rxf7 16. hxg3 Qf6 17. Qd2 Bf5 18. Rae1 Raf8 19. Re3 h5 20. c4 h4 21.
Rf3 Qh6 22. gxh4 Qxh4 23. Rg3 g4 24. Re1 Rh7 25. Kf1 Bc2 26. Ree3 Bd1 27. Qxd1
Qh1+ 28. Ke2 Rxf2+ 29. Kxf2 Qxd1 30. Nc3 Rf7+ 31. Ref3 Qd4+ 32. Ke1 Re7+ 33.
Kf1 Qxc4+ 34. Kf2 Qd4+ 35. Kf1 Kh7 36. Rf5 Qd2 0-1

[Event "2. Bundesliga Mitte 2012/2013"]
[Site "St. Veit/Glan"]
[Date "2013.03.24"]
[Round "8"]
[Board "3"]
[White "Sandhoefner, Florian"]
[Black "Jovanovic, Zoran"]
[Result "1/2-1/2"]
[WhiteElo "2221"]
[BlackElo "2516"]
[PlyCount "160"]
[EventDate "2012.10.19"]
[EventType "team"]
[EventRounds "11"]
[EventCountry "AUT"]
[WhiteTeam "ASK St. Valentin"]
[BlackTeam "Schachverein Wolfsberg"]

1. d4 d6 2. c4 e5 3. Nc3 exd4 4. Qxd4 Nc6 5. Qd2 Nf6 6. g3 Be6 7. Nd5 Ne5 8. b3
Ne4 9. Qe3 Nc5 10. Bg2 c6 11. Nc3 Be7 12. Nf3 Nxf3+ 13. Qxf3 O-O 14. O-O a5 15.
Ba3 Qb6 16. Rad1 Rfe8 17. Rd2 Qc7 18. Rfd1 Rad8 19. h3 h6 20. e3 Na6 21. Bb2
Nb4 22. Qe2 Bf5 23. e4 Bf6 24. a3 Na6 25. Qd3 Bh7 26. Qc2 Nc5 27. b4 axb4 28.
axb4 Na6 29. Qb3 Qb6 30. Rxd6 Qxb4 31. Qxb4 Nxb4 32. Rd7 Rxd7 33. Rxd7 Na6 34.
Rxb7 Nc5 35. Rb6 Nd3 36. Nd1 Nxb2 37. Nxb2 Bxe4 38. Bxe4 Rxe4 39. c5 Bxb2 40.
Rxb2 Rc4 41. Rb8+ Kh7 42. Rc8 Rxc5 43. Rc7 Kg6 44. Kg2 Kf6 45. g4 Ke6 46. Kg3
Rc1 47. h4 g6 48. f3 Rc4 49. Kh3 Rc3 50. Kg3 Kf6 51. Kf2 Rc2+ 52. Kg3 g5 53. h5
c5 54. Rc6+ Kg7 55. Kh3 c4 56. Kg3 Kh7 57. Kh3 Rc1 58. Kg3 Kg7 59. Kh3 c3 60.
Kg2 f6 61. Kf2 Kf7 62. Ke2 c2 63. Rc3 Ke6 64. Kd2 Rf1 65. Kxc2 Ke5 66. Kd2 Kf4
67. Ke2 Ra1 68. Rc6 Ra2+ 69. Ke1 Kxf3 70. Rxf6+ Kxg4 71. Rxh6 Rh2 72. Kf1 Kg3
73. Rh8 Rh1+ 74. Ke2 g4 75. h6 Rh5 76. h7 Rh1 77. Kd2 Rh6 78. Ke2 Re6+ 79. Kf1
Re7 80. Kg1 Rf7 1/2-1/2

[Event "2. Bundesliga Mitte 2012/2013"]
[Site "St. Veit/Glan"]
[Date "2013.03.24"]
[Round "8"]
[Board "4"]
[White "Steflitsch, Erich"]
[Black "Kranzl, Peter"]
[Result "1/2-1/2"]
[WhiteElo "2382"]
[BlackElo "2239"]
[PlyCount "60"]
[EventDate "2012.10.19"]
[EventType "team"]
[EventRounds "11"]
[EventCountry "AUT"]
[WhiteTeam "Schachverein Wolfsberg"]
[BlackTeam "ASK St. Valentin"]

1. d4 Nf6 2. c4 c5 3. d5 b5 4. cxb5 a6 5. bxa6 g6 6. Nc3 Bg7 7. Nf3 O-O 8. e4
d6 9. Be2 Qa5 10. O-O Bxa6 11. Re1 Nbd7 12. h3 Rfb8 13. Bxa6 Qxa6 14. Re2 Ne8
15. Bg5 Rb7 16. Bxe7 Bxc3 17. bxc3 f6 18. e5 Nxe5 19. Nxe5 fxe5 20. Bg5 Qc4 21.
Qd2 Nc7 22. f4 Nxd5 23. fxe5 Nxc3 24. Ree1 Ne4 25. Qf4 Qd4+ 26. Kh2 Nxg5 27.
Qxg5 dxe5 28. Qxe5 Qxe5+ 29. Rxe5 Rb2 30. Rxc5 Raxa2 1/2-1/2

[Event "2. Bundesliga Mitte 2012/2013"]
[Site "St. Veit/Glan"]
[Date "2013.03.24"]
[Round "8"]
[Board "6"]
[White "Toefferl, Heimo"]
[Black "Heimberger, Reinhard"]
[Result "1/2-1/2"]
[WhiteElo "2136"]
[BlackElo "2300"]
[PlyCount "81"]
[EventDate "2012.10.19"]
[EventType "team"]
[EventRounds "11"]
[EventCountry "AUT"]
[WhiteTeam "Schachverein Wolfsberg"]
[BlackTeam "ASK St. Valentin"]

1. d4 d5 2. c4 e6 3. Nc3 c6 4. Nf3 Nf6 5. Bg5 Be7 6. e3 O-O 7. Qc2 Nbd7 8. cxd5
exd5 9. Bd3 h6 10. Bh4 Re8 11. O-O Ne4 12. Bxe7 Qxe7 13. Rae1 b6 14. Nd2 Ndf6
15. Bxe4 dxe4 16. f3 Ba6 17. Rf2 exf3 18. gxf3 c5 19. dxc5 Qxc5 20. Qa4 Rxe3
21. Rxe3 Qg5+ 22. Kh1 Qxe3 23. Kg2 Bb7 24. Nde4 Nd5 25. Qd7 Nf4+ 26. Kg3 Bxe4
27. Nxe4 Nd3 28. Rf1 Qe2 29. Rg1 Qxf3+ 30. Kxf3 Ne5+ 31. Kf4 Nxd7 32. Rc1 Nf8
33. Kf5 Ne6 34. Nd6 a6 35. Ke5 g5 36. Rc6 Nf8 37. Rc7 Rd8 38. Nxf7 Re8+ 39. Kf5
Ne6 40. Nxh6+ Kh8 41. Ra7 1/2-1/2

[Event "2. Bundesliga Mitte 2012/2013"]
[Site "St. Veit/Glan"]
[Date "2013.03.24"]
[Round "8"]
[Board "1"]
[White "Gergacz, Attila"]
[Black "Handler, Lukas"]
[Result "1-0"]
[WhiteElo "2393"]
[BlackElo "2369"]
[PlyCount "171"]
[EventDate "2012.10.19"]
[EventType "team"]
[EventRounds "11"]
[EventCountry "AUT"]
[WhiteTeam "SV Steyregg"]
[BlackTeam "Schachclub MPOE Maria Saal"]

1. e4 e5 2. Nf3 Nc6 3. Bc4 Bc5 4. c3 Nf6 5. d3 O-O 6. O-O d5 7. exd5 Nxd5 8. h3
Nb6 9. Bg5 Be7 10. Bxe7 Qxe7 11. Bb5 f6 12. Re1 Nd8 13. Nbd2 a6 14. Ba4 Nxa4
15. Qxa4 Bd7 16. Qh4 Qf7 17. d4 exd4 18. Nxd4 c5 19. Ne2 Bc6 20. Ng3 Ne6 21.
Qg4 Rfe8 22. Re2 Rad8 23. Rae1 Nf8 24. Nf5 Ng6 25. Rxe8+ Rxe8 26. Rxe8+ Qxe8
27. Nd6 Qe1+ 28. Nf1 Nf8 29. Qh5 Qe6 30. Qxc5 Qxa2 31. Ne3 Qe6 32. Nef5 Nd7 33.
Qd4 g6 34. Ne3 Kg7 35. f4 Kf8 36. c4 Ke7 37. Nc8+ Kd8 38. Nb6 Qe4 39. Qxe4 Bxe4
40. Nbd5 f5 41. Kf2 Nc5 42. b4 Ne6 43. g3 h6 44. g4 fxg4 45. hxg4 Bd3 46. f5
gxf5 47. gxf5 Nc7 48. Kf3 Nxd5 49. cxd5 b6 50. Kf4 a5 51. bxa5 bxa5 52. d6 a4
53. f6 Bg6 54. Nc4 Ke8 55. Ne5 a3 56. d7+ Kd8 57. Nxg6 a2 58. f7 a1=Q 59. f8=Q+
Kxd7 60. Ne5+ Kc7 61. Qc5+ Kb7 62. Qb5+ Ka8 63. Qd5+ Ka7 64. Qd7+ Ka8 65. Nc6
Qc1+ 66. Kf5 Qc5+ 67. Ke6 Qe3+ 68. Kf7 Qb3+ 69. Kf6 Qc3+ 70. Kf7 Qb3+ 71. Kf8
Qf3+ 72. Ke8 Qe3+ 73. Kd8 Qb6+ 74. Kc8 Qa6+ 75. Kd8 Qb6+ 76. Ke8 Qe3+ 77. Ne7
Qa7 78. Qd5+ Qb7 79. Nc6 Qc8+ 80. Nd8+ Kb8 81. Qb5+ Ka8 82. Qa5+ Kb8 83. Qb6+
Ka8 84. Ke7 h5 85. Qa5+ Kb8 86. Kd6 1-0

[Event "2. Bundesliga Mitte 2012/2013"]
[Site "St. Veit/Glan"]
[Date "2013.03.24"]
[Round "8"]
[Board "2"]
[White "Schachinger, Mario"]
[Black "Nemeth, Miklos"]
[Result "1/2-1/2"]
[WhiteElo "2426"]
[BlackElo "2446"]
[PlyCount "84"]
[EventDate "2012.10.19"]
[EventType "team"]
[EventRounds "11"]
[EventCountry "AUT"]
[WhiteTeam "Schachclub MPOE Maria Saal"]
[BlackTeam "SV Steyregg"]

1. Nf3 Nf6 2. c4 e6 3. g3 d5 4. Bg2 Be7 5. O-O O-O 6. d4 c6 7. Qc2 b6 8. Rd1
Nbd7 9. Nc3 Bb7 10. Ne5 Rc8 11. e4 a6 12. Qe2 dxe4 13. Nxe4 Nxe4 14. Bxe4 Nxe5
15. dxe5 Qc7 16. Be3 c5 17. Qf3 Bxe4 18. Qxe4 Rfd8 19. h4 Rd7 20. Rxd7 Qxd7 21.
h5 f5 22. exf6 Bxf6 23. Re1 Qc6 24. Qg4 Bxb2 25. h6 g6 26. Bc1 Bxc1 27. Rxc1
Rf8 28. Re1 Rf6 29. Rd1 Qf3 30. Rd8+ Kf7 31. Rd7+ Ke8 32. Qxf3 Rxf3 33. Rb7 g5
34. Rxb6 Kf7 35. Rxa6 Rc3 36. Ra7+ Kg6 37. Re7 Rxc4 38. Rxe6+ Kh5 39. Rc6 g4
40. Kg2 Rc2 41. a4 c4 42. a5 c3 1/2-1/2

[Event "2. Bundesliga Mitte 2012/2013"]
[Site "St. Veit/Glan"]
[Date "2013.03.24"]
[Round "8"]
[Board "3"]
[White "Pataki, Gyoezoe"]
[Black "Halvax, Georg"]
[Result "1-0"]
[WhiteElo "2367"]
[BlackElo "2282"]
[PlyCount "81"]
[EventDate "2012.10.19"]
[EventType "team"]
[EventRounds "11"]
[EventCountry "AUT"]
[WhiteTeam "SV Steyregg"]
[BlackTeam "Schachclub MPOE Maria Saal"]

1. d4 d5 2. c4 e6 3. Nc3 c6 4. e4 dxe4 5. Nxe4 Bb4+ 6. Bd2 Qxd4 7. Bxb4 Qxe4+
8. Ne2 Na6 9. Bd6 e5 10. Qb3 Nf6 11. O-O-O Bf5 12. f3 Qb1+ 13. Kd2 Qxd1+ 14.
Qxd1 O-O-O 15. Kc1 Ne8 16. c5 Nxc5 17. Bxc5 Rxd1+ 18. Kxd1 b6 19. Be3 Nc7 20.
Nc3 Rd8+ 21. Kc1 Kb7 22. Be2 Nd5 23. Nxd5 cxd5 24. Kd2 Be6 25. Bf2 d4 26. a3 f5
27. Bd3 Kc6 28. Re1 Rd5 29. Bc4 Rd6 30. Bxe6 Rxe6 31. f4 Rg6 32. fxe5 Rxg2 33.
Re2 Rg4 34. e6 Re4 35. Rxe4 fxe4 36. Bxd4 Kd6 37. Bxg7 Kxe6 38. Ke3 Kd5 39. h4
b5 40. Bc3 a6 41. h5 1-0

[Event "2. Bundesliga Mitte 2012/2013"]
[Site "St. Veit/Glan"]
[Date "2013.03.24"]
[Round "8"]
[Board "4"]
[White "Ertl, Johann"]
[Black "Enoeckl, Philipp"]
[Result "1/2-1/2"]
[WhiteElo "2287"]
[BlackElo "2316"]
[PlyCount "95"]
[EventDate "2012.10.19"]
[EventType "team"]
[EventRounds "11"]
[EventCountry "AUT"]
[WhiteTeam "Schachclub MPOE Maria Saal"]
[BlackTeam "SV Steyregg"]

1. e4 e6 2. d4 d5 3. Nd2 Nf6 4. e5 Nfd7 5. Bd3 c5 6. c3 Nc6 7. Ne2 cxd4 8. cxd4
f6 9. exf6 Nxf6 10. Nf3 Bd6 11. O-O Qc7 12. Bg5 O-O 13. Bh4 Nh5 14. Qc2 h6 15.
Bh7+ Kh8 16. Bg6 Rxf3 17. Bxh5 Rf8 18. Bg3 Bd7 19. Rac1 Rf6 20. Qd2 Be8 21.
Bxe8 Rxe8 22. Rc3 Ref8 23. a3 Bxg3 24. hxg3 g5 25. b4 Qg7 26. Rc5 a6 27. a4
R6f7 28. b5 axb5 29. axb5 Ne7 30. Rc7 Nf5 31. Rxf7 Rxf7 32. Ra1 Qf6 33. Ra8+
Rf8 34. Rxf8+ Qxf8 35. Qc2 Qe7 36. g4 Nd6 37. Qg6 Nxb5 38. Qxh6+ Kg8 39. Ng3
Nxd4 40. Nh5 Ne2+ 41. Kf1 Nf4 42. Nf6+ Kf7 43. Nh7 Ke8 44. g3 Qb4 45. Nf6+ Kf7
46. gxf4 Qxf4 47. Nh5 Qc4+ 48. Ke1 1/2-1/2

[Event "2. Bundesliga Mitte 2012/2013"]
[Site "St. Veit/Glan"]
[Date "2013.03.24"]
[Round "8"]
[Board "5"]
[White "Wiesinger, Robert"]
[Black "Eichert, Wolfgang"]
[Result "1-0"]
[WhiteElo "2244"]
[BlackElo "2152"]
[PlyCount "57"]
[EventDate "2012.10.19"]
[EventType "team"]
[EventRounds "11"]
[EventCountry "AUT"]
[WhiteTeam "SV Steyregg"]
[BlackTeam "Schachclub MPOE Maria Saal"]

1. e4 c5 2. Nf3 Nc6 3. Bb5 g6 4. Bxc6 bxc6 5. O-O Bg7 6. Re1 e5 7. c3 Ne7 8. d4
cxd4 9. cxd4 exd4 10. Nxd4 O-O 11. Nc3 h6 12. Bf4 d5 13. exd5 cxd5 14. Qd2 Kh7
15. Be5 Bb7 16. Bxg7 Kxg7 17. Re5 Rc8 18. Rae1 Rc7 19. Ncb5 Nc6 20. Nxc7 Qxc7
21. Nxc6 Qxc6 22. Re7 Qb6 23. Rd1 Rc8 24. Qf4 Rf8 25. b3 Bc6 26. h3 a5 27. Qe5+
Kg8 28. Qf6 Qb5 29. Rc1 1-0

[Event "2. Bundesliga Mitte 2012/2013"]
[Site "St. Veit/Glan"]
[Date "2013.03.24"]
[Round "8"]
[Board "6"]
[White "Steiner, Josef"]
[Black "Raber, Florian"]
[Result "0-1"]
[WhiteElo "2125"]
[BlackElo "2167"]
[PlyCount "120"]
[EventDate "2012.10.19"]
[EventType "team"]
[EventRounds "11"]
[EventCountry "AUT"]
[WhiteTeam "Schachclub MPOE Maria Saal"]
[BlackTeam "SV Steyregg"]

1. Nf3 d5 2. c4 c6 3. b3 Nf6 4. Bb2 Bf5 5. g3 e6 6. Bg2 Be7 7. O-O Nbd7 8. d3
h6 9. Nbd2 O-O 10. a3 Bh7 11. b4 a5 12. Qb3 axb4 13. axb4 Qb6 14. c5 Qc7 15. d4
Ne4 16. Nxe4 Bxe4 17. Nd2 Bxg2 18. Kxg2 e5 19. e4 Rxa1 20. Bxa1 Bg5 21. Nf3
dxe4 22. Nxe5 Be7 23. Re1 Nf6 24. Nc4 Qd7 25. Nd2 Ra8 26. Bb2 Qf5 27. f3 exf3+
28. Qxf3 Qxf3+ 29. Kxf3 Nd5 30. b5 Ra2 31. Rb1 cxb5 32. Ke4 Nf6+ 33. Kd3 Nd5
34. Kc2 Ra6 35. Bc3 Ra3 36. Rb3 Rxb3 37. Nxb3 Bd8 38. Bd2 f5 39. Ba5 Bf6 40.
Kd3 Kf7 41. Bd2 Bd8 42. Ba5 Ke8 43. Bxd8 Kxd8 44. Nd2 Kd7 45. h4 Ke6 46. Nf3
Nb4+ 47. Ke3 Kd5 48. h5 Nc6 49. Kf4 Nxd4 50. Nxd4 Kxd4 51. Kxf5 b4 52. Kg6 b3
53. Kxg7 b2 54. Kxh6 b1=Q 55. Kg7 Qg1 56. h6 Qxg3+ 57. Kh8 Kxc5 58. h7 Qh3 59.
Kg7 b5 60. h8=Q Qxh8+ 0-1